Understanding Von Balthasar’s Trilogy (Registro nro. 64126)
[ vista simple ]
| 000 -LÍDER | |
|---|---|
| Campo fijo de descripción fija | 01585nas a2200265 4500 |
| 001 - NÚMERO DE CONTROL | |
| Campo de control | 768714001 |
| 003 - IDENTIFICADOR DEL NÚMERO DE CONTROL | |
| Campo de control | CO-MdFUSB |
| 005 - FECHA Y HORA DE LA ULTIMA TRANSACCIÓN | |
| control field | 20190202100511.0 |
| 008 - ELEMENTOS DE LONGITUD FIJA -- INFORMACIÓN GENERAL | |
| Campo fijo de descripción fija -- Información general | 171116s2017 ck ||||| |||| 00| 0 eng d |
| 022 ## - NÚMERO INTERNACIONAL NORMALIZADO PARA PUBLICACIONES SERIADAS | |
| Número Internacional Normalizado para Publicaciones Seriadas | 0120-3649 |
| 040 ## - FUENTE DE CATALOGACIÓN | |
| Agencia Catalogadora | CO-MdFUSB |
| Idioma de catalogación | spa |
| Agencia que realiza la transcripción | CO-MdFUSB |
| Agencia que realiza la modificación | CO-MdFUSB |
| 041 ## - CÓDIGO DE IDIOMA | |
| Código de idioma para texto/pista de sonido o título separado | eng |
| 100 ## - ASIENTO PRINCIPAL--NOMBRE PERSONAL | |
| Nombre personal | Polanco, Rodrigo |
| Término relacionador | autor |
| 242 00 - TRADUCCIÓN DEL TÍTULO POR AGENCIA CATALOGADORA | |
| Traducción del título | Comprensión de la trilogía de Hans Urs Von Balthasar |
| 245 00 - TÍTULO | |
| Título | Understanding Von Balthasar’s Trilogy |
| Mención de responsabilidad | / Rodrigo Polanco |
| 300 ## - DESCRIPCIÓN FÍSICA | |
| Extensión | Volumen 67. Número 184 (2017), páginas 411-460 |
| Dimensiones | : 24 cm. |
| 520 1# - NOTA DE RESUMEN, ETC. | |
| Nota de sumario, etc. | El artículo expone la estructura de pensamiento de Hans Urs Von Balthasar a partir de la síntesis que este logró en su “Trilogía teológica”: “Estética teológica”, “Teo-dramática” y “Teológica”. Debido a que la Trilogía está basada en los tres trascendentales del ser (belleza, bondad y verdad), este estudio, luego de revisar las fuentes e influencias que recibió Von Balthasar a lo largo de su vida, describe su comprensión de la relación entre filosofía y teología y explica cómo toda la revelación trinitaria se puede expresar muy bien a partir de la manifestación (belleza), donación(bondad) y comprensión (verdad) de Dios. |
| 650 #7 - ASIENTO SECUNDARIO DE MATERIA - TERMINO TEMÁTICO | |
| Término temático o nombre geográfico como elemento de entrada | Filosofía y religión |
| 9 (RLIN) | 198 |
| 653 ## - TÉRMINO DE INDIZACIÓN - NO CONTROLADO | |
| Término no controlado | Hans Urs Von Balthasar |
| 653 ## - TÉRMINO DE INDIZACIÓN - NO CONTROLADO | |
| Término no controlado | Pensamiento de Hans Urs Von Balthasar |
| 653 ## - TÉRMINO DE INDIZACIÓN - NO CONTROLADO | |
| Término no controlado | Teología de Hans Urs Von Balthasar |
| 653 ## - TÉRMINO DE INDIZACIÓN - NO CONTROLADO | |
| Término no controlado | Trilogía teológica |
| 773 ## - ASIENTO DE ITEM FUENTE | |
| Biblionumber | 49424 |
| Itemnumber | 76244 |
| Parte(s) relacionada(s) / Volumen., número. (mes año), páginas | Volumen 67. Número 184 (2017), páginas 411-460 |
| Enumeración y primera página | Página 411 |
| Título | Theologica Xaveriana |
| 942 ## - TIPO DE MATERIAL (KOHA) | |
| Tipo de Item KOHA | Artículos de Revista |
| Expurgo - (Retirado) | Estado de Perdido | Estado de Dañado | No prestable | Ubicación habitual | Ubicación actual | Ubicación en Estantería | Fecha de Adquisición | Tipo de Material |
|---|---|---|---|---|---|---|---|---|
| Biblioteca FUSBC | Biblioteca FUSBC | Hemeroteca | 16/11/2017 | Artículos de Revista |
